Yenimahalle Belediyesi (Record no. 6311)

MARC details
000 -BAŞLIK
Sabit Uzunlukta Kontrol Alanı 00666na a2200229 4500
001 - KONTROL NUMARASI
Denetim Alanı 18805
003 - KONTROL NUMARASI IDENTIFIER
Denetim Alanı MIRAKIL
005 - SON İŞLEM TARİHİ VE ZAMANI
Denetim Alanı 20181213155103.0
008 - SABİT-BOY VERİ ELEMANLARI - GENEL BİLGİLER
Sabit Uzunlukta Kontrol Alanı 161128b tu 000 0
035 ## - SİSTEM KONTROL NUMARASI
Sistem Kontrol Numarası 18805
040 ## - KATALOGLAMA KAYNAK
Orijinal Kataloglama Ajansı Milas
Kataloglama Dili tur
Metne Dönüştürmek Ajansı TR-AnCHP
041 ## - DİL KODU
Metin / Ses Parça Veya Ayrı Başlığın Dil Kodu tur
082 ## - DEWEY ONLU SINIFLANDIRMA NUMARASI
Sınıflandırma Numarası 352.05651129
Ürün Numarası Y35 [2001]
090 ## - SINIFLAMA NUMARASI
Sınıflama Numarası 352.05651129 Y35 [2001]
110 ## - ANA GİRİŞ - KURUMSAL ADI
Giriş Elemanı Olarak Kurumsal Ad Veya Yargı Alanı Adı Yenimahalle Belediyesi
245 ## - BAŞLIK TABLOSU
Başlık Yenimahalle Belediyesi
Başlığın Kalan Faaliyet raporu 1999-2000
Sorumluluk Tablosu, Vb Yenimahalle Belediyesi
260 ## - YAYIN, DAĞITIM, VB
Yayın, Dağıtım, Vb Yeri Ankara
Yayıncı, Dağıtıcı, Vs Adı Yenimahalle Belediyesi
Yayın, Dağıtım, Vb Tarihi [2001]
300 ## - FİZİKSEL TANIM
Kapsam 93 s.
Boyutlar 29 sm.
610 ## - KONU KATMA GİRİŞ - TOPLANTI ADI
Giriş Elemanı Olarak Kurumsal Ad Veya Yargı Alanı Adı Yeni Mahalle Belediyesi
Coğrafi Alt Bölüm Türkiye
650 ## - KONU KATMA GİRİŞ - TOPİKAL DÖNEM
Topikal Süreli Veya Coğrafi Ad Giriş Elemanı Yerel yönetimler
Coğrafi Alt Bölümü Türkiye
942 ## - EKLENDİ GİRİŞ ELEMANLARI (KOHA)
Sınıflandırma Veya Raf Düzeni Kaynak Dewey Decimal Classification
Koha Öğesi Türü Books
999 ## - SİSTEM KONTROL NUMARALARI (KOHA)
Koha Biblionumber 6311
Koha Biblioitemnumber 6311
Holdings
Kalıcı Konum Mevcut Konum Edinme Tarihi Edinim Kaynak Toplam Check-Out'Lar Tam Çağrı Numarası Barkod Tarih Son Görülme İtibaren Geçerli Fiyatlar Koha Öğesi Türü
CHP Kütüphanesi CHP Kütüphanesi 11/28/2016 Bağış   352.05651129 Y35 [2001] 009732 11/28/2016 11/28/2016 Books